| 000 | 00676nam a22001697a 4500 | ||
|---|---|---|---|
| 003 | NUST | ||
| 082 | _a621.382,MAS | ||
| 100 |
_aMasud, Fahad _9132922 |
||
| 245 |
_aVoice Controlled Smart Car / _cFahad Masud, hassan aslam, Abdul Qadir and Hassan Saif (BETE-54 /TCC-29) |
||
| 260 |
_aRawalpindi _bMCS (NUST) _cJune, 2021 |
||
| 300 | _aix, 25 p.; | ||
| 505 | _aIntroduction (Page-1), Concepts and Literature survey (Page-4), Design and Working (Page-9), Applications (Page-210, Conclusion and Future Scope (Page-23). | ||
| 650 |
_aUG Project _9131132 |
||
| 651 |
_a(BETE-54 /TCC-29) _9132912 |
||
| 700 |
_aSupervised by Asst. Prof. Dr. Abdul Wakeel _9132877 |
||
| 942 |
_2ddc _cPR |
||
| 999 |
_c615946 _d615946 |
||